Chiến lược quản lý nhãn hiệu /
Hiểu biết về nhãn hiệu: Thực thể nhãn hiệu; Những nguyên tắc mới trong quản lý nhãn hiệu. Quản lý nhãn hiệu: đưa ra nhãn hiệu mới, duy trì một nhãn hiệu lâu dài, xây dựng nhãn hiệu, tiến hành thay đổi tên và chuyển đổi nhãn hiệu. Đánh giá nhãn hiệu....
Đã lưu trong:
| Hovedforfatter: | |
|---|---|
| Format: | Bog |
| Sprog: | Vietnamese |
| Udgivet: |
Tp.HCM :
Thanh niên,
2000.
|
| Fag: | |
| Tags: |
Tilføj Tag
Ingen Tags, Vær først til at tagge denne postø!
|
| Thư viện lưu trữ: | Mạng thư viện Đại học Đà Nẵng |
|---|
| LEADER | 01219cam a2200337 a 4500 | ||
|---|---|---|---|
| 001 | 000049738 | ||
| 003 | 9755 | ||
| 005 | 20110725150118.0 | ||
| 008 | 010406b2000 vm 000 vie | ||
| 020 | |c 30000 | ||
| 040 | |a IRC |c IRC |d IRC | ||
| 041 | 0 | |a vie | |
| 082 | 1 | 4 | |a 658.827 |b TH-H |
| 100 | 1 | |a Thanh Hoa, |c MBA., |e biên soạn, dịch. | |
| 245 | 1 | 0 | |a Chiến lược quản lý nhãn hiệu / |c Thanh Hoa biên soạn, dịch. |
| 260 | |a Tp.HCM : |b Thanh niên, |c 2000. | ||
| 300 | |a 262 tr. ; |c 23,5 cm. | ||
| 520 | 3 | |a Hiểu biết về nhãn hiệu: Thực thể nhãn hiệu; Những nguyên tắc mới trong quản lý nhãn hiệu. Quản lý nhãn hiệu: đưa ra nhãn hiệu mới, duy trì một nhãn hiệu lâu dài, xây dựng nhãn hiệu, tiến hành thay đổi tên và chuyển đổi nhãn hiệu. Đánh giá nhãn hiệu. | |
| 630 | 0 | 4 | |a Quản trị kinh doanh. |
| 630 | 0 | 4 | |a Nhãn hiệu. |
| 650 | 0 | 4 | |a Nhãn hiệu |x Chiến lược quản lý. |
| OWN | |a DUT | ||
| 999 | |a From the UDN01 | ||
| TYP | |a Monograph | ||
| TYP | |a Printed language | ||
| 980 | |a Mạng thư viện Đại học Đà Nẵng | ||